Marvel Cinematic Universe - All movies and series - Statistics

General Stats
  • This quiz has been taken 60 times
    31 since last reset
  • The average score is 34 of 41
Answer Stats
Type Phase Year Movie % Correct
Movie 1 2008 Iron man
100%
Movie 1 2010 Iron man 2
100%
Movie 1 2012 Marvel's the Avengers
100%
Movie 1 2011 Captain America: The First Avenger
96%
Movie 2 2013 Iron man 3
96%
Movie 1 2008 The Incredible Hulk
96%
Movie 1 2011 Thor
96%
Movie 3 2017 Thor: Ragnarok
96%
Movie 3 2018 Avengers: Infinity War
92%
Movie 4 2021 Black Widow
92%
Movie 2 2014 Captain America: The Winter Soldier
92%
Movie 2 2014 Guardians of the Galaxy
92%
Movie 3 2017 Spider-Man: Homecoming
92%
Movie 4 2022 Thor: Love and Thunder
92%
Movie 2 2015 Avengers: Age of Ultron
88%
Movie 3 2019 Avengers: Endgame
88%
Movie 3 2016 Captain America: Civil War
88%
Movie 3 2019 Captain Marvel
88%
Movie 3 2016 Doctor Strange
88%
Movie 3 2019 Spider-man: Far from Home
88%
Movie 4 2021 Spider-Man: No Way Home
88%
Series 4 2021 Wandavision
88%
Movie 3 2018 Black Panther
84%
Movie 4 2022 Black Panther: Wakanda Forever
84%
Movie 3 2017 Guardians of the Galaxy vol. 2
84%
Series 4 2021 Loki
84%
Movie 2 2015 Ant-man
80%
Series 4 2021 Hawkeye
80%
Movie 2 2013 Thor: The Dark World
80%
Movie 4 2022 Doctor Strange in the Multiverse of Madness
76%
Movie 5 2023 Guardians of the Galaxy vol. 3
76%
Movie 3 2018 Ant-Man and the Wasp
72%
Movie 4 2021 Shang-Chi and the Legend of the Ten Rings
72%
Movie 5 2023 Ant-Man and the Wasp: Quantumania
68%
Movie 4 2021 Eternals
68%
Series 4 2021 The Falcon and the Winter Soldier
68%
Series 4 2022 Moonknight
64%
Series 4 2022 Ms. Marvel
64%
Series 5 2023 Secret Invasion
60%
Series 4 2022 She-Hulk: Attorney at Law
60%
Series 4 2021 What if...?
60%
No matching quizzes found
Score Distribution
Percent of People with Each Score
Percentile by Number Answered
Your Score History
You have not taken this quiz since the last reset